|
|
|
|
| LEADER |
00701cam a2200157 7i4500 |
| 001 |
0000026708 |
| 005 |
20090407090000.0 |
| 008 |
090407 eng |
| 090 |
0 |
0 |
|a PE69
|b .M55 2007
|
| 110 |
2 |
|
|a Ministry of Higher Education Malaysia
|
| 245 |
1 |
0 |
|a R&D products of public universities in Malaysia :
|b intellectual property, commercialized and pre-commercialized
|c Ministry of Higher Education Malaysia.
|
| 260 |
|
|
|a Kuala Lumpur:
|b Ministry of Higher Education Malaysia,
|c 2007.
|
| 300 |
|
|
|a ii, 322 p.:
|b ill., col.;
|c 21 cm.
|
| 650 |
0 |
0 |
|a Universities and colleges --
|z Malaysia
|
| 650 |
0 |
0 |
|a Education, Higher --
|z Malaysia
|
| 999 |
|
|
|a PRO0000024
|b PROSPECTUS
|c PROSPECTUS
|e 1st Floor, Bestari Jaya
|